| 000 | 00483nam a2200193Ia 4500 | ||
|---|---|---|---|
| 003 | GCL | ||
| 008 | 140319s9999 xx 000 0 eng d | ||
| 040 |
_aGCL / _cGCL |
||
| 082 | 0 | 4 |
_a121 _bH P |
| 100 | 1 | _aHUISMAN, DENIS | |
| 245 | 1 | 0 |
_aLA PHILOSOPHIE : TOME 2 LA CONNAISSANCE / _cHUISMAN, DENIS |
| 700 | 1 | _aVERGEZ, ANDRE | |
| 260 |
_a[S.N] : _bMARABOUT ، _c1994 |
||
| 300 | _a473 | ||
| 650 | 0 | 4 | _aMETAPHYSICS |
| 650 | 0 | 4 | _aPHILOSOPHY |
| 650 | 0 | 4 | _aKNOWLEDGE |
| 942 |
_2ddc _cBK |
||
| 999 |
_c25419 _d25419 |
||